MARC

Tag First Indicator Second Indicator Subfields
LEADER 00000cam a22000008a 4500
001 in00000017044
005 20151007053350.0
008 871019s1988 pau b 00110 eng
010 |a  87030784  
020 |a 0812280989 
035 |a (OCoLC)17106756 
035 |9 AAB1393AM 
040 |a DLC  |c DLC  |d TXA  |d UtOrBLW 
043 |a e-uk---  |a n-us--- 
049 |a TXAM  |c [A11048377] 
050 0 0 |a PS369  |b .S76 1988 
082 0 |a 813/.54/09  |2 19 
100 1 |a Stonehill, Brian. 
245 1 4 |a The self-conscious novel :  |b artifice in fiction from Joyce to Pynchon /  |c Brian Stonehill. 
263 |a 8805 
264 1 |a Philadelphia :  |b University of Pennsylvania Press,  |c [1988] 
264 4 |c ©1988 
300 |a x, 221 pages 
336 |a text  |b txt  |2 rdacontent 
337 |a unmediated  |b n  |2 rdamedia 
338 |a volume  |b nc  |2 rdacarrier 
490 1 |a Penn studies in contemporary American fiction 
504 |a Bibliography: pages 195-215. 
500 |a Includes index. 
650 0 |a American fiction  |y 20th century  |x History and criticism. 
650 0 |a Self-consciousness (Awareness) in literature. 
650 0 |a Illusion in literature. 
650 0 |a Fiction  |x Technique. 
650 0 |a English fiction  |y 20th century  |x History and criticism. 
600 1 0 |a Joyce, James,  |d 1882-1941  |x Criticism and interpretation. 
650 0 |a Pynchon, Thomas  |x Criticism and interpretation. 
830 0 |a Penn studies in contemporary American fiction. 
999 |a MARS 
999 f f |s c5823cb7-9923-3f29-b9d1-10c86168b001  |i fe133e51-d491-3cc8-865e-6e70b4d5ebcb  |t 0 
952 f f |p ric  |a Texas A&M University  |b Rellis Campus  |c Joint Library Facility  |d Remote Storage  |t 0  |e PS369 .S76 1988  |h Library of Congress classification  |i unmediated -- volume  |m A14811048377 
998 f f |a PS369 .S76 1988  |t 0  |l Remote Storage